MANAGING AS MISSION NONPROFIT MANAGING F (Record no. 32034)

MARC details
000 -LEADER
fixed length control field 00340nam a2200133Ia 4500
008 - FIXED-LENGTH DATA ELEMENTS--GENERAL INFORMATION
fixed length control field 240624s9999 xx 000 0 und d
041 ## - LANGUAGE CODE
Language code of text/sound track or separate title eng
082 ## - DEWEY DECIMAL CLASSIFICATION NUMBER
Classification number 658 HEN
100 ## - MAIN ENTRY--PERSONAL NAME
Personal name HENINGER LORI
245 ## - TITLE STATEMENT
Title MANAGING AS MISSION NONPROFIT MANAGING F
260 ## - PUBLICATION, DISTRIBUTION, ETC.
Date of publication, distribution, etc. 2018
Place of publication, distribution, etc. London
Name of publisher, distributor, etc. CRC Press
300 ## - PHYSICAL DESCRIPTION
Extent xix, 253 p.; 23 cm.
365 ## - TRADE PRICE
Currency code BPS
Price amount 32
Holdings
Withdrawn status Lost status Damaged status Not for loan Home library Current library Shelving location Date acquired Total Checkouts Total Renewals Full call number Barcode Date last seen Date last checked out Copy number Price effective from Koha item type
        IMTN IMTN Rack 22-B 03/03/2020 1 1 658 HEN 32034 10/17/2025 07/13/2025 97.4 06/24/2024 Books
Designed & Maintained by: LRC IMT Nagpur Contact: lrc@imtnag.ac.in© 2024. All Rights Reserved.